000 00961nam0a22002771 4500
001 rc\2994037
005 20250806211708.0
035 _a(NLR Aleph) 007137883
090 _a68950
_c68950
100 _a20110916d1944 u y0rusy50 ca
101 0 _arus
102 _aRU
105 _ay z |||||
200 1 _aДадим свои средства взаймы государству
210 _a[Горький]
_cДом партпроса Горьк. горкома ВКП(б)
_d1944
215 _a13 с., включ. 1 с. обл.
_d20 см
225 1 _aВ помощь агитатору
300 _aБез тит. л.
712 0 2 _aДом партийного просвещения
_cГорький
_3RU\NLR\AUTH\889940667
_4570
801 0 _aRU
_bNLR
_gpsbo
801 1 _aRU
_bELAR
_2rusmarc
852 _aNLR
_jИп10 Г-4/62
942 _cBOOK
945 _aРоссийская национальная библиотека
980 _aNB
980 _aBV